Void /

Bibliographic Details
Main Author: Hirst, Damien
Other Authors: Bastian, Céline, Bastian, Heiner, 1942-
Format: Book
Language:German
English
Language Notes:Text in German and English.
Published: München : Schirmer/Mosel ; [2007]
Subjects:

MARC

Tag First Indicator Second Indicator Subfields
LEADER 00000cam a2200000 a 4500
001 in00002373613
005 20151109050312.0
008 071123s2007 gw a bc 000 0 ger
015 |a GBA798148  |2 bnb 
016 7 |a 014459252  |2 Uk 
020 |a 9783829603478 
020 |a 3829603479 
035 |a (OCoLC)ocn182664353 
035 |a (OCoLC)182664353 
040 |a UKM  |c UKM  |d BAKER  |d YDXCP  |d ERASA  |d TXA  |d UtOrBLW 
041 1 |a ger  |a eng  |h ger 
042 |a pcc  |a ukblsr 
049 |a TXAM 
050 4 |a N6797.H565  |b A4 2007 
082 0 4 |a 709.2  |2 22 
100 1 |a Hirst, Damien. 
245 1 0 |a Void /  |c Damien Hirst ; [editors Céline und Heiner Bastian]. 
264 1 |a München :  |b Schirmer/Mosel ;  |c [2007] 
264 2 |a [London] :  |b [Art Data, distributor], 
264 4 |c ©2007 
300 |a 55 pages :  |b color illustrations ;  |c 31 cm. 
336 |a text  |b txt  |2 rdacontent 
337 |a unmediated  |b n  |2 rdamedia 
338 |a volume  |b nc  |2 rdacarrier 
500 |a Published on the occasion of the exhibition, Damien Hirst. Void, 10 November 2007 - 29 February 2008 at the Ausstellungsraum Céline und Heiner Bastian, Berlin. 
546 |a Text in German and English. 
504 |a Includes bibliographical references. 
600 1 0 |a Hirst, Damien  |v Exhibitions. 
700 1 |a Bastian, Céline. 
700 1 |a Bastian, Heiner,  |d 1942- 
938 |a Baker & Taylor  |b BKTY  |c 65.00  |d 48.75  |i 3829603479  |n 0007600051  |s active 
938 |a YBP Library Services  |b YANK  |n 2766080 
938 |a Erasmus Boekhandel  |b ERAA  |n NTS0000002016 
945 |a PromptCat  |b 403795 
946 |a stk 
947 |a A14836761047 
994 |a C0  |b TXA 
948 |a cataloged  |b h  |c 2008/5/8  |d c  |e nbehmer  |f 4:44:53 pm 
999 |a MARS 
999 f f |s 748217db-1307-31d0-b238-6af3fc80c924  |i 9cda15c3-7160-37b9-8014-9e43b9fa393a  |t 0 
952 f f |p normal  |a Texas A&M University  |b College Station  |c Sterling C. Evans Library  |d Evans: Library Stacks  |t 0  |e N6797.H565 A4 2007  |h Library of Congress classification  |i unmediated -- volume  |m A14836761047 
998 f f |a N6797.H565 A4 2007  |t 0  |l Evans: Library Stacks